Poisťovníctvo - teória a prax

Recenzia monografie, ktorá je výstupom troch výskumných projektov a dielom autorského kolektívu z Vysokej školy ekonomickej v Prahe a Ekonomickej univerzity v Bratislave.

Enregistré dans:
Détails bibliographiques
Auteur principal: Penjak, Vladimír
Format: Chapitre de livre
Langue:slovaque
Sujets:
Tags: Ajouter un tag
Pas de tags, Soyez le premier à ajouter un tag!

MARC

LEADER 00000naa$a2200000$$$4500
001 0051549
005 20231116082930.1
041 0 |a slo 
044 |a SK 
245 1 0 |a Poisťovníctvo - teória a prax  |c Rec. Vladimír Penjak 
520 |a Recenzia monografie, ktorá je výstupom troch výskumných projektov a dielom autorského kolektívu z Vysokej školy ekonomickej v Prahe a Ekonomickej univerzity v Bratislave. 
610 2 0 |a recenzie 
610 2 0 |a poisťovníctvo 
610 2 0 |a poistenie 
610 2 0 |a trh poistný 
100 1 |a Penjak, Vladimír